[Event "Wch U12 Girls"]
[Site "Batumi"]
[Date "2022.09.18"]
[Round "3"]
[White "Sida, Flavia Maria"]
[Black "Gikandi, Bernice Wambui"]
[Result "1-0"]
[WhiteElo "1529"]
[BlackElo "1229"]
[PlyCount "65"]
[EventDate "2022.09.16"]
[EventType "swiss"]
[EventRounds "11"]
[EventCountry "GEO"]
[SourceTitle "EXT 2023"]
[Source "ChessBase"]
[SourceDate "2022.10.05"]
[SourceVersion "1"]
[SourceVersionDate "2022.10.05"]
[SourceQuality "1"]

1. d4 d5 2. Nf3 Nf6 3. g3 Bf5 4. Bg2 e6 5. 0-0 Be7 6. c4 c6 7. Nc3 dxc4 8. Nh4 Bg6 9. Nxg6 hxg6 10. e3 a6 11. a4 Nd5 12. Qe2 Nd7 13. Qxc4 Rc8 14. Qb3 Qc7 15. e4 N5f6 16. Bf4 Qb6 17. Qxb6 Nxb6 18. Rfb1 Ng4 19. h3 Nf6 20. a5 Nbd7 21. b4 0-0 22. Na4 Nh5 23. Be3 Nhf6 24. Nc5 Nxc5 25. bxc5 Rc7 26. Rb2 Ra8 27. Rab1 Ra7 28. Bf4 Rd7 29. Bb8 Ra8 30. Rxb7 Rd8 31. Rxe7 Raxb8 32. Rxb8 Rxb8 33. Ra7 1-0

[Event "EU-ch Schools U11 Girls"]
[Site "Tornelo INT"]
[Date "2021.12.03"]
[Round "2"]
[White "Sida, Flavia Maria"]
[Black "Mgeladze, Kesaria"]
[Result "0-1"]
[WhiteElo "1358"]
[BlackElo "1625"]
[PlyCount "46"]
[EventDate "2021.12.03"]
[EventType "swiss (rapid)"]
[EventRounds "7"]
[EventCountry "NET"]
[SourceTitle "EXT 2023"]
[Source "ChessBase"]
[SourceDate "2022.10.05"]
[SourceVersion "1"]
[SourceVersionDate "2022.10.05"]
[SourceQuality "1"]

1. d4 g6 2. Nf3 Bg7 3. c4 d6 4. e4 Bg4 5. Nc3 Nc6 6. Be3 e5 7. d5 Nd4 8. h3 Bxf3 9. gxf3 c5 10. f4 Qf6 11. Qa4+ Kf8 12. fxe5 Nf3+ 13. Kd1 Nxe5 14. Be2 Bh6 15. f4 Bxf4 16. Rf1 g5 17. h4 h6 18. Nb5 a6 19. b4 Nxc4 20. Bxf4 Qxa1+ 21. Kc2 Qb2+ 22. Kd3 gxf4 23. Nc3 Ne5# 0-1

[Event "ROM-ch U10 Girls"]
[Site "Calimanesti Caciulata"]
[Date "2019.04.19"]
[Round "6.2"]
[White "Sida, Flavia Maria"]
[Black "Darie, Cleopatra Iuliana"]
[Result "0-1"]
[WhiteElo "1225"]
[BlackElo "1194"]
[PlyCount "120"]
[EventDate "2019.04.15"]
[EventType "swiss"]
[EventRounds "9"]
[EventCountry "ROU"]
[SourceTitle "EXT 2024"]
[Source "ChessBase"]
[SourceDate "2023.10.10"]
[SourceVersion "1"]
[SourceVersionDate "2023.10.10"]
[SourceQuality "1"]

1. d4 d5 2. c4 e6 3. Nc3 Nf6 4. Bg5 Be7 5. Nf3 0-0 6. e3 Nbd7 7. cxd5 exd5 8. Bd3 c6 9. 0-0 Re8 10. Rc1 Nf8 11. Qc2 Ng6 12. Nd2 Qc7 13. Rfe1 Ng4 14. Bxg6 Qxh2+ 15. Kf1 fxg6 16. Bf4 Qh5 17. Nf3 g5 18. Bg3 Qf7 19. Ke2 h6 20. Rh1 Bf5 21. Qb3 b6 22. Ne5 Nxe5 23. Bxe5 Bf6 24. Bxf6 Qxf6 25. Nd1 Bd7 26. Qa3 Qxd4 27. Kf1 Qf6 28. Qa6 c5 29. Qd3 Bc6 30. Qc2 Qe6 31. Rh3 Rad8 32. b4 c4 33. a3 b5 34. Kg1 d4 35. Rg3 d3 36. Qd2 Bb7 37. Nc3 Qd6 38. a4 a6 39. axb5 axb5 40. Ra1 Ra8 41. Rxa8 Rxa8 42. Rg4 Bc6 43. Rd4 Qc7 44. f4 gxf4 45. Rxf4 Qe7 46. Rf5 Qxb4 47. Qc1 Ra3 48. Nd5 Bxd5 49. Rxd5 Rb3 50. Rd8+ Kh7 51. Kh2 Rb1 52. Qxb1 Qxb1 53. e4 c3 54. e5 c2 55. e6 c1Q 56. Rh8+ Kxh8 57. e7 Qf4+ 58. g3 Qf2+ 59. Kh3 Qh1+ 60. Kg4 Qff3# 0-1

[Event "ROM-ch U08 Girls"]
[Site "Baile Felix"]
[Date "2017.02.04"]
[Round "3"]
[White "Andries, Alexia"]
[Black "Sida, Flavia Maria"]
[Result "0-1"]
[WhiteElo "1030"]
[BlackElo "1199"]
[PlyCount "68"]
[EventDate "2017.02.02"]
[EventType "swiss"]
[EventRounds "9"]
[EventCountry "ROU"]
[SourceTitle "CBM 176 Extra"]
[Source "ChessBase"]
[SourceDate "2017.03.02"]
[SourceVersion "1"]
[SourceVersionDate "2017.03.02"]
[SourceQuality "1"]

1. d4 d5 2. c4 Nf6 3. Nc3 Bf5 4. Bg5 h6 5. Bxf6 exf6 6. e3 Bb4 7. Bd3 Bxc3+ 8. bxc3 Be4 9. Nf3 0-0 10. 0-0 Nc6 11. Nd2 Bxd3 12. Re1 Bxc4 13. Nxc4 dxc4 14. Qa4 Qd5 15. e4 Qa5 16. Qxc4 Ne7 17. Qxc7 Qxc7 18. Rec1 Qf4 19. f3 Qe3+ 20. Kh1 f5 21. exf5 Nxf5 22. Rab1 Rfe8 23. h3 Ng3+ 24. Kh2 Qf4 25. Rd1 Nf1+ 26. Kg1 Ne3 27. Kf2 Nxd1+ 28. Rxd1 Qe3+ 29. Kf1 Qe2+ 30. Kg1 Qxd1+ 31. Kh2 Re2 32. Kg3 Qe1+ 33. Kh2 Qf2 34. c4 Qxg2# 0-1

[Event "ROM-ch U08 Girls"]
[Site "Calimanesti Caciulata"]
[Date "2016.04.24"]
[Round "8"]
[White "Sida, Flavia Maria"]
[Black "Pindaru, Delia Maria"]
[Result "1-0"]
[WhiteElo "1001"]
[BlackElo "1001"]
[PlyCount "133"]
[EventDate "2016.04.18"]
[EventType "swiss"]
[EventRounds "9"]
[EventCountry "ROU"]
[SourceTitle "CBM 172 Extra"]
[Source "ChessBase"]
[SourceDate "2016.06.21"]
[SourceVersion "1"]
[SourceVersionDate "2016.06.21"]
[SourceQuality "1"]

1. e4 e5 2. Nf3 Nc6 3. Bc4 Nf6 4. Nc3 Bb4 5. 0-0 Bxc3 6. dxc3 Nxe4 7. Qd5 0-0 8. Qxe4 d6 9. Bd3 g6 10. Bg5 Bf5 11. Qb4 Nxb4 12. Bxd8 e4 13. Be7 Rfc8 14. Be2 exf3 15. Bxf3 Nxc2 16. Rac1 Re8 17. Bxb7 Rab8 18. Bc6 Rxe7 19. g4 Bd3 20. Rfd1 Re1+ 21. Kg2 Bf1+ 22. Kg3 Rxd1 23. Rxd1 Bc4 24. Rc1 Rxb2 25. Be4 Rxa2 26. Bxc2 Ra5 27. Rb1 Rg5 28. Rb4 Be2 29. h3 f5 30. f3 c5 31. Ra4 h5 32. Bb3+ Kf8 33. Bc2 hxg4 34. hxg4 fxg4 35. fxg4 Rxg4+ 36. Kf2 Bb5 37. Rxg4 Kf7 38. Rxg6 Ke7 39. Rg7+ Ke6 40. Rxa7 Bc6 41. Bb3+ Ke5 42. Ra6 Bb5 43. Ra5 Bd3 44. Ke3 Bf5 45. Bc4 Bc2 46. Bd3 Bb3 47. Ra3 Bd5 48. Ra4 Ke6 49. Bc4 Ke5 50. Bxd5 Kxd5 51. c4+ Kc6 52. Ra6+ Kd7 53. Ke4 Kc7 54. Kd5 Kd7 55. Rxd6+ Kc7 56. Ra6 Kb7 57. Ra5 Kb6 58. Rb5+ Ka6 59. Kxc5 Ka7 60. Kd4 Ka6 61. Rb1 Ka5 62. c5 Ka6 63. c6 Ka5 64. c7 Ka6 65. c8Q+ Ka7 66. Rb7+ Ka6 67. Qa8# 1-0

[Event "ROM-ch U08 Girls"]
[Site "Calimanesti Caciulata"]
[Date "2016.04.22"]
[Round "6"]
[White "Cioara, Maria"]
[Black "Sida, Flavia Maria"]
[Result "1-0"]
[WhiteElo "1064"]
[BlackElo "1001"]
[PlyCount "89"]
[EventDate "2016.04.18"]
[EventType "swiss"]
[EventRounds "9"]
[EventCountry "ROU"]
[SourceTitle "CBM 172 Extra"]
[Source "ChessBase"]
[SourceDate "2016.06.21"]
[SourceVersion "1"]
[SourceVersionDate "2016.06.21"]
[SourceQuality "1"]

1. e4 e5 2. Nf3 Nc6 3. d4 exd4 4. Nxd4 Bc5 5. Nb3 Bb4+ 6. Nc3 Nf6 7. Bd3 0-0 8. 0-0 d6 9. h3 Be6 10. Qe2 h6 11. Be3 Bc5 12. Bf4 Bb4 13. Qd2 Bxc3 14. bxc3 Bxb3 15. cxb3 d5 16. exd5 Nxd5 17. Bxh6 Qf6 18. Bg5 Qxc3 19. Qe2 Ne5 20. Qh5 f6 21. Bh6 Qxd3 22. Rfd1 Qe4 23. Rd2 g6 24. Qd1 Nc3 25. Qf1 Rfd8 26. Rb2 Nd3 27. Rc2 Qd4 28. Kh1 Ne4 29. Rxc7 Ndxf2+ 30. Kh2 Qd6+ 31. Kg1 Qxc7 32. Rc1 Qb6 33. Qc4+ Kh7 34. Qf7+ Kxh6 35. Rc7 Nd6 36. Qh7+ Kg5 37. h4+ Kf5 38. Rg7 Ng4+ 39. Kh1 Kf4 40. Qxg6 f5 41. Qg5+ Kg3 42. a4 Qc5 43. b4 Qxb4 44. Qe3+ Kxh4 45. Qh3# 1-0